000 00424nam a2200157Ia 4500
008 231217s9999 xx 000 0 und d
041 _aEnglish
082 _a001.64 BAI;1 R
100 _aBaitipuli, Venkatesh N
245 0 _aFile structures : conceptual tool kit with C++
250 _a1st ed.
260 _c2004
_bSapna
_aBangalore
300 _axvi+528
650 _astructures,:,conceptual,tool,C++
942 _cAA
999 _c175630
_d175630